|
|
|
|
| LEADER |
00000nam a2200000 a 4500 |
| 001 |
vtls008835597 |
| 003 |
SK-MaSNL |
| 005 |
20260301222957.0 |
| 008 |
240318s2006 xo oa f 000 0dslo |
| 015 |
|
|
|a SNBA2006/08-04485
|
| 020 |
|
|
|a 8096926020
|q (brož.)
|
| 035 |
|
|
|a 07C43F4E-3113-4CFA-9182-A661250A248C
|
| 035 |
|
|
|a urn:nbn:sk:snk-aml8jd
|
| 035 |
|
|
|a urn:nbn:sk:snk-am008shd
|
| 040 |
|
|
|a SNK
|b slo
|c SNK
|e AACR2
|
| 041 |
0 |
|
|a slo
|
| 044 |
|
|
|a xo
|c SK
|
| 072 |
|
7 |
|a 636.09
|x Veterinárna medicína
|2 konspekt
|
| 072 |
|
7 |
|a 929
|x Biografie
|2 konspekt
|
| 080 |
|
|
|a 636.09
|2 2001
|
| 080 |
|
|
|a 636.09-051
|2 2001
|
| 080 |
|
|
|a 929
|2 2001
|
| 080 |
|
|
|a (0:82-94)
|2 2001
|
| 100 |
1 |
|
|a Molnár, Július,
|d 1921-
|4 aut
|9 196169
|
| 245 |
1 |
0 |
|a Ako som zverolekárčil
|c Július Molnár
|
| 250 |
|
|
|a [1. vyd.]
|
| 260 |
|
|
|a Trnava
|b Július Molnár
|c 2006
|
| 300 |
|
|
|a 161 s.
|b fotogr., ilustr.
|c 25 cm
|
| 500 |
|
|
|a Ilustr. na tit. strane. Biogr. údaje
|
| 504 |
|
|
|a Bibliogr. s. 151
|
| 600 |
1 |
7 |
|a Molnár, Július,
|d 1921-
|2 SNKMA
|9 196169
|
| 650 |
0 |
7 |
|a veterinárna medicína
|2 SNKPH
|9 1148
|
| 650 |
0 |
7 |
|a veterinárni lekári
|2 SNKPH
|9 70095
|
| 650 |
0 |
7 |
|a spomienky
|2 SNKPH
|9 55795
|
| 919 |
|
|
|a 80-969260-2-0
|
| 958 |
|
|
|a OND
|
| 999 |
|
|
|c 941721
|d 943651
|
| 952 |
|
|
|a SNK
|b SNK
|y PREZ
|7 0
|p 17A0517797
|o snkSC 124409
|i snk2006/15341
|8 0
|0 0
|1 0
|4 0
|d 2006-08-02
|f 1
|l 0
|r 2025-06-06 00:00:00
|w 2026-02-24
|
| 952 |
|
|
|a SNK
|b SNK
|y VYP
|7 0
|p 17A0517796
|o snkSC 124409 D1
|i snk2006/15342
|8 0
|0 0
|1 0
|4 0
|d 2006-08-02
|l 0
|r 2026-02-24 09:21:43
|w 2026-02-24
|